000 00512nam a22001697a 4500
005 20251108164055.0
008 250721s1984 xx 000 0 ara d
082 1 4 _a216,9/خال
100 1 _aالخالدي، محمود
245 1 0 _aمعالم الخلافة في الفكر السياسي الإسلامي /
264 1 _aعمان :
_bمكتبة المحتسب،
_c1984.
300 _a511ص
650 1 7 _aالخلافة
650 1 7 _aالأحكام السلطانية
942 _2ddc
_cBK
999 _c2947
_d2947